<?xml version="1.0" encoding="UTF-8"?>
<record
    xmlns:xsi="http://www.w3.org/2001/XMLSchema-instance"
    xsi:schemaLocation="http://www.loc.gov/MARC21/slim http://www.loc.gov/standards/marcxml/schema/MARC21slim.xsd"
    xmlns="http://www.loc.gov/MARC21/slim">

  <leader>00865nam a22002297a 4500</leader>
  <controlfield tag="001">47525</controlfield>
  <controlfield tag="003">BD-RjUL</controlfield>
  <controlfield tag="005">20211209054333.0</controlfield>
  <controlfield tag="008">160809s2001    ii ||||| |||| 00| 0 ben d</controlfield>
  <datafield tag="020" ind1=" " ind2=" ">
    <subfield code="c">: IRs 150.00 </subfield>
  </datafield>
  <datafield tag="035" ind1=" " ind2=" ">
    <subfield code="a">(BD-RjUL)47644</subfield>
  </datafield>
  <datafield tag="040" ind1=" " ind2=" ">
    <subfield code="a">BD-RjUL</subfield>
    <subfield code="b">ben </subfield>
    <subfield code="c">BD-RjUL</subfield>
  </datafield>
  <datafield tag="041" ind1=" " ind2=" ">
    <subfield code="a">ben </subfield>
  </datafield>
  <datafield tag="082" ind1=" " ind2=" ">
    <subfield code="2">23 </subfield>
    <subfield code="a">398</subfield>
    <subfield code="b">POL 2001 </subfield>
  </datafield>
  <datafield tag="100" ind1=" " ind2=" ">
    <subfield code="a">&#x9AA;&#x9CB;&#x9A6;&#x9CD;&#x9A6;&#x9BE;&#x9B0;, &#x9B8;&#x9C1;&#x9B8;&#x9CD;&#x9AE;&#x9BF;&#x9A4;&#x9BE; </subfield>
    <subfield code="9">123514</subfield>
  </datafield>
  <datafield tag="245" ind1="1" ind2="0">
    <subfield code="a">&#x9B2;&#x9CB;&#x995;&#x9B8;&#x982;&#x9B8;&#x9CD;&#x995;&#x9C3;&#x9A4;&#x9BF; : </subfield>
    <subfield code="b">&#x990;&#x9A4;&#x9BF;&#x9B9;&#x9BE;&#x9B8;&#x9BF;&#x995; &#x993; &#x9A4;&#x9BE;&#x9A4;&#x9CD;&#x9A4;&#x9CD;&#x9AC;&#x9BF;&#x995; &#x9AC;&#x9BF;&#x9B6;&#x9CD;&#x9B2;&#x9B7;&#x9A3; /</subfield>
    <subfield code="c">&#x9B8;&#x9C1;&#x9B8;&#x9CD;&#x9AE;&#x9BF;&#x9A4;&#x9BE; &#x9AA;&#x9CB;&#x9A6;&#x9CD;&#x9A6;&#x9BE;&#x9B0; </subfield>
  </datafield>
  <datafield tag="260" ind1=" " ind2=" ">
    <subfield code="a">&#x995;&#x9B2;&#x995;&#x9BE;&#x9A4;&#x9BE; :</subfield>
    <subfield code="b">&#x9B2;&#x9CB;&#x995;&#x9B8;&#x982;&#x9B8;&#x9CD;&#x995;&#x9C3;&#x9A4;&#x9BF;, </subfield>
    <subfield code="c">&#x9E8;&#x9E6;&#x9E6;&#x9E7; </subfield>
  </datafield>
  <datafield tag="300" ind1=" " ind2=" ">
    <subfield code="a">[&#x9E8;&#x9E6;], &#x9E8;&#x9EA;&#x9EB; &#x9AA;&#x9C3;. ; </subfield>
    <subfield code="c">&#x9E8;&#x9E7; &#x9B8;&#x9C7;&#x9AE;&#x9BF;. </subfield>
  </datafield>
  <datafield tag="650" ind1=" " ind2=" ">
    <subfield code="a">&#x9B2;&#x9CB;&#x995;&#x9B8;&#x982;&#x9B8;&#x9CD;&#x995;&#x9C3;&#x9A4;&#x9BF; </subfield>
    <subfield code="9">144485</subfield>
  </datafield>
  <datafield tag="650" ind1=" " ind2=" ">
    <subfield code="a">Folklore </subfield>
    <subfield code="9">144486</subfield>
  </datafield>
  <datafield tag="942" ind1=" " ind2=" ">
    <subfield code="2">ddc</subfield>
    <subfield code="c">BK</subfield>
  </datafield>
  <datafield tag="999" ind1=" " ind2=" ">
    <subfield code="c">47525</subfield>
    <subfield code="d">47525</subfield>
  </datafield>
  <datafield tag="952" ind1=" " ind2=" ">
    <subfield code="0">0</subfield>
    <subfield code="1">0</subfield>
    <subfield code="2">ddc</subfield>
    <subfield code="4">0</subfield>
    <subfield code="7">0</subfield>
    <subfield code="8">NFIC</subfield>
    <subfield code="a">RUCL</subfield>
    <subfield code="b">RUCL</subfield>
    <subfield code="c">Stack</subfield>
    <subfield code="d">2009-09-05</subfield>
    <subfield code="e">Dhaka, Ideal library</subfield>
    <subfield code="g">882.00</subfield>
    <subfield code="l">2</subfield>
    <subfield code="o">B 398 POL 2001</subfield>
    <subfield code="r">2026-04-19 15:12:51</subfield>
    <subfield code="s">2026-04-02</subfield>
    <subfield code="t">C-2</subfield>
    <subfield code="w">2016-08-09</subfield>
    <subfield code="y">BK</subfield>
  </datafield>
</record>
